000 01380cam a2200133 4500500
005 20251214001916.0
041 _afre
042 _adc
100 1 0 _aMorin, Jean-Frédéric
_eauthor
245 0 0 _aLa politique étrangère : Théories, méthodes et références
260 _bArmand Colin,
_c2013.
520 _aPourquoi les pays occidentaux versent-ils davantage d’aide au développement aux autocraties qu’aux démocraties ? Pourquoi le Danemark réussit-il à exercer une influence disproportionnée au sein de l’Union européenne ? Pourquoi le Canada a-t-il fait du maintien de la paix la pierre angulaire de sa politique étrangère ?Ce manuel propose une introduction aux théories et aux méthodes de l’analyse de la politique étrangère. Il passe en revue les principales approches, des classiques aux plus récentes. Plus qu’une simple synthèse, il identifie les courants émergents, les lacunes qui doivent être comblées, les données qui peuvent être mobilisées, les pièges à éviter et les références bibliographiques à creuser.C’est le point d’entrée incontournable pour tous les étudiants, les doctorants et les chercheurs qui entament un projet de recherche sur la politique étrangère.
856 4 1 _uhttps://shs.cairn.info/la-politique-etrangere-theories-methodes-reference--9782200272227?lang=fr&redirect-ssocas=7080
999 _c1566560
_d1566560